[Event "Vilafranca del Penedes op 6th"]
[Site "Vilafranca del Penedes"]
[Date "2012.05.18"]
[Round "6"]
[White "Masferrer Niubo, Enric"]
[Black "Pie Vallve, Adria"]
[Result "1-0"]
[WhiteElo "2007"]
[BlackElo "1811"]
[PlyCount "43"]
[EventDate "2012.04.13"]
[EventType "swiss"]
[EventRounds "8"]
[EventCountry "ESP"]
[SourceTitle "CBM 148 Extra"]
[Source "ChessBase"]
[SourceDate "2012.06.22"]
[SourceVersion "1"]
[SourceVersionDate "2012.06.22"]
[SourceQuality "1"]

1. e4 e5 2. f4 exf4 3. Nf3 d6 4. d4 Nf6 5. Nc3 Nc6 6. Bxf4 Bg4 7. Be2 Qd7 8. 0-0 0-0-0 9. d5 Nb8 10. Nb5 b6 11. Nxa7+ Kb7 12. Bb5 Qe7 13. Nc6 Nxc6 14. Bxc6+ Kb8 15. Qd3 Bc8 16. Bg5 h6 17. Bxf6 gxf6 18. a4 Bb7 19. Nd4 Ka7 20. a5 Ra8 21. axb6+ Kb8 22. Rxa8+ 1-0